00783 a2200157 45000010006000000050017000060080041000230030015000640400040000790800064001192450027001832640036002103000019002465050338002651000022006033435620260407155631.0260407a1970 arg spa dAR-UNSa-BCEJYS aAR-UNSa-BCEJYSbspacAR-UNSa-BCEJYS a658xAdministración de empresas. Organización comercial10aDoctrina de la empresa 1aMadrid :bEdiciones Rialpc1970 a338 p.c23 cm. aI. El debate en torno a la empresa : 1. La empresa en tela de juicio - 2. Las ideologías patronales - II. ¿Qué es la empresa?: 3. El empresario - 4. La organización - 5. El poder - III. Elementos de una doctrina : 6. La función específica de la empresa - 7. Creatividad y participación - 8. Creatividad y concertación.1 aDe Woot, Philippe